| 000 | 00393nam a2200169Ia 4500 | ||
|---|---|---|---|
| 003 | 0STCL | ||
| 008 | 150530s9999 xx 000 0 und d | ||
| 040 |
_aSTCL _cSTCL |
||
| 100 | _aRadhesyam Bhajpai | ||
| 245 | _aHindi Natyakala Tata Radio Natak | ||
| 260 |
_bAtlantic; Delhi _c0 _aDelhi |
||
| 300 | _a0 | ||
| 546 | _aHindi | ||
| 942 |
_2ddc _cBK |
||
| 999 |
_c65839 _d65839 |
||
| 005 | 20220125171314.0 | ||